| 000 | 01043nam a22002537a 4500 | ||
|---|---|---|---|
| 999 |
_c65157 _d65157 |
||
| 005 | 20240530110810.0 | ||
| 008 | 190115s2008 ua a f 000 0 ara d | ||
| 017 |
_a2008/22669 _bمصر . دار الكتب |
||
| 020 | _a9774379569 | ||
| 040 |
_aEG-CaGPL _cEG-CaGPL |
||
| 082 | 0 | 4 |
_221 _a792.028 / _bم م |
| 100 | 1 | _aمراى ، سيمون | |
| 245 | 1 | 2 |
_aالمسارح الجسدية : _bمقدمة نقدية / _cتأليف سيمون مراى ، جون كيف ؛ ترجمة جمال عبدالمقصود ؛ مراجعة محمد ابوالخير |
| 250 | _aط.1 | ||
| 260 |
_aالقاهرة : _bوزارة الثقافة : مهرجان القاهرة الدولى للمسرح التجريبى، _c2009. |
||
| 300 |
_a527 ص. : _bايض ؛ _c24 سم. |
||
| 650 | 0 | 7 |
_2qrmak _aالمسرح |
| 650 | 0 | 7 |
_aالتمثيل _2qrmak |
| 651 | _2qrmak | ||
| 700 | 0 |
_aجمال عبدالمقصود _eمترجم |
|
| 700 | 0 |
_aمحمد ابوالخير _eمراجع |
|
| 942 |
_2ddc _cBK |
||